000 00379nam a22001097a 4500
005 20250901165504.0
008 210512b |||||||| |||| 00| 0 eng d
050 _aPE 1068.K4 .I53 2005
245 _aEXCELLING IN ENGLISH
_bAN INTERGRATED APPROACH:FORM THREE STUENT'S BOOK
_cINDANGASI, HENRY
260 _aNAIROBI
_bK.L.B.
_c2005
942 _2lcc
_hPE 1068.K4 .I53 2005
999 _c4770
_d4770